| 000 | 01336nam a2200349 a 4500 | ||
|---|---|---|---|
| 001 | vtls003184302 | ||
| 003 | MY-SjTCS | ||
| 005 | 20200226111355.0 | ||
| 006 | m u | ||
| 007 | cr cn||||||||| | ||
| 008 | 100712s2006 sz sb 000 0 eng d | ||
| 020 | _z9241594845 | ||
| 020 | _z9789240681965 | ||
| 020 | _z9789241594844 | ||
| 035 | _a(CaPaEBR)ebr10161473 | ||
| 039 | 9 |
_a201402040950 _bshuhada _y201007121534 _zVLOAD |
|
| 040 |
_aCaPaEBR _cCaPaEBR |
||
| 050 | 1 | 4 |
_aRG734 _b.F74 2006eb |
| 082 | 0 | 4 |
_a618.88 _222 |
| 245 | 0 | 0 |
_aFrequently asked clinical questions about medical abortion _h[electronic resource]. |
| 260 |
_aGeneva, Switzerland : _bWorld Health Organization, _c2006. |
||
| 300 | _avi, 35 p. | ||
| 504 | _aIncludes bibliographical references. | ||
| 529 | _aTSLHHL | ||
| 533 |
_aElectronic reproduction. _bPalo Alto, Calif. : _cebrary, _d2009. _nAvailable via World Wide Web. _nAccess may be limited to ebrary affiliated libraries. |
||
| 650 | 0 |
_aAbortion. _96741 |
|
| 650 | 0 | _aBirth control clinics. | |
| 655 | 7 |
_aElectronic books. _2local |
|
| 710 | 2 |
_aebrary, Inc. _925628 |
|
| 710 | 2 | _aWorld Health Organization. | |
| 856 | 4 | 0 |
_uhttps://ezproxy.taylors.edu.my/login?url=http://site.ebrary.com/lib/taylorscollege/Doc?id=10161473 _zAn electronic book accessible through the World Wide Web; click to view |
| 999 | _c80152 | ||